BOS und deren Funkrufnamen (DE) - Statistiken

Allgemein
  • Dieses Quiz wurde 22 mal gespielt
  • Das Durchschnittsergebnis liegt bei 4 aus 7
Antwortstatistiken
Hilfsorganisation Funkrufname % Korrekt
Feuerwehr Florian
100%
Deutsches Rotes Kreuz Rotkreuz
61%
Arbeiter-Samariter-Bund Sama
56%
Bundesanstalt Technisches Hilfswerk Heros
50%
Deutsche Lebens-Rettungs-Gesellschaft Pelikan
50%
Malteser Hilfsdienst Johannes
44%
Johanniter-Unfall-Hilfe Akkon
33%
Keine übereinstimmenden Quizze gefunden
Verteilung der Resultate
Anzahl Personen mit jedem Resultat
Perzentil nach korrekt beantworteten Fragen
Ihre Resultats-Entwicklung
Sie haben dieses Quiz noch nicht gespielt